Δήμοι της Ελλάδας που Αρχίζουν από Φ - Statistics

General Stats
  • This quiz has been taken 8 times
  • The average score is 3 of 9
Answer Stats
Δήμος % Correct
Φαρσάλων
63%
Φαρκαδόνας
38%
Φλώρινας
38%
Φολεγάνδρου
38%
Φαιστού
25%
Φιλιατών
25%
Φιλοθέης-Ψυχικού
25%
Φούρνων Κορσεών
25%
Φυλής
13%
No matching quizzes found
Score Distribution
Percent of People with Each Score
Percentile by Number Answered
Your Score History
You have not taken this quiz